MARC details
| 000 -CABECERA |
| campo de control de longitud fija |
01608nam a22003137a 4500 |
| 003 - IDENTIFICADOR DEL NÚMERO DE CONTROL |
| campo de control |
DO-SdBNP |
| 005 - FECHA Y HORA DE LA ÚLTIMA TRANSACCIÓN |
| campo de control |
20260305073952.0 |
| 007 - CAMPO FIJO DE DESCRIPCIÓN FÍSICA--INFORMACIÓN GENERAL |
| campo de control de longitud fija |
ta |
| 008 - DATOS DE LONGITUD FIJA--INFORMACIÓN GENERAL |
| campo de control de longitud fija |
210311b 2020 dr a 00| 0 eng d |
| 020 ## - NÚMERO INTERNACIONAL ESTÁNDAR DEL LIBRO |
| Número Internacional Estándar del Libro |
9789945919059 |
| 040 ## - FUENTE DE LA CATALOGACIÓN |
| Centro catalogador/agencia de origen |
DO-SdBNP |
| Lengua de catalogación |
spa |
| Centro/agencia transcriptor |
BNPHU |
| 082 #4 - NÚMERO DE LA CLASIFICACIÓN DECIMAL DEWEY |
| Número de clasificación |
332.497293 |
| Número de documento/Ítem |
M938b 2020 |
| Número de edición |
22 |
| 100 1# - ENTRADA PRINCIPAL--NOMBRE DE PERSONA |
| Nombre de persona |
Moya Pons, Frank, |
| Fechas asociadas al nombre |
1944- |
| 9 (RLIN) |
2095 |
| 245 10 - MENCIÓN DE TÍTULO |
| Título |
Breve historia monetaria de la República Dominicana, 1844-1948 : |
| Resto del título |
evolución de la deuda pública y formación del Banco Central / |
| Mención de responsabilidad, etc. |
Frank Moya Pons. |
| 260 ## - PUBLICACIÓN, DISTRIBUCIÓN, ETC. |
| Lugar de publicación, distribución, etc. |
Santo Domingo : |
| Nombre del editor, distribuidor, etc. |
Academia Dominicana de la Historia, |
| Fecha de publicación, distribución, etc. |
2020. |
| 300 ## - DESCRIPCIÓN FÍSICA |
| Extensión |
118 p. : |
| Otras características físicas |
il. ; |
| Dimensiones |
22 cm. |
| 490 1# - MENCIÓN DE SERIE |
| Mención de serie |
Academia Dominicana de la Historia : |
| Designación de volumen o secuencia |
155 |
| 500 ## - NOTA GENERAL |
| Nota general |
Incluye referencias bibliográficas y notas al pie de las páginas |
| 500 ## - NOTA GENERAL |
| Nota general |
Incluye datos biográficos del autor en la solapa de la contracubierta. |
| 504 ## - NOTA DE BIBLIOGRAFÍA, ETC. |
| Nota de bibliografía, etc. |
Bibliografía : p. 83-86 |
| 505 0# - NOTA DE CONTENIDO CON FORMATO |
| Nota de contenido con formato |
Presentación 9 -- Las emisiones monetarias y la deuda pública en el siglo XIX, 11 -- La deuda y el protectorado americano 35 -- La Gran Depresión y la deuda externa 49 -- La creación del Banco Central 60 -- Los comienzos del Banco Central 79 -- Bibliografía 83 -- Apéndice: Monedas y billetes, 1844-1947. |
| 590 ## - NOTA LOCAL (RLIN) |
| Nota local |
Inventariado, 2021 /LP<br/> |
| 650 #4 - PUNTO DE ACCESO ADICIONAL DE MATERIA--TÉRMINO DE MATERIA |
| Término de materia o nombre geográfico como elemento de entrada |
Moneda |
| Subdivisión geográfica |
República Dominicana |
| Subdivisión general |
Historia |
| Subdivisión cronológica |
1844-1948 |
| 9 (RLIN) |
81310 |
| 650 #4 - PUNTO DE ACCESO ADICIONAL DE MATERIA--TÉRMINO DE MATERIA |
| Término de materia o nombre geográfico como elemento de entrada |
Deuda pública |
| Subdivisión geográfica |
República Dominicana |
| Subdivisión general |
Historia |
| Subdivisión cronológica |
1844-1948 |
| 9 (RLIN) |
81311 |
| 650 #4 - PUNTO DE ACCESO ADICIONAL DE MATERIA--TÉRMINO DE MATERIA |
| Término de materia o nombre geográfico como elemento de entrada |
Bancos centrales |
| Subdivisión geográfica |
República Dominicana |
| Subdivisión general |
Historia |
| 9 (RLIN) |
54908 |
| 830 #0 - PUNTO DE ACCESO ADICIONAL DE SERIE-TÍTULO UNIFORME |
| Título uniforme |
Academia Dominicana de la Historia |
| Número de parte o sección de la obra |
155 |
| 9 (RLIN) |
78104 |
| 910 ## - DATOS DE OPCIÓN DEL USUARIO (OCLC) |
| Datos de opción del usuario |
Lopérez/ Validado, 2022/MFF |
| 942 ## - ELEMENTOS DE PUNTO DE ACCESO ADICIONAL (KOHA) |
| Fuente del sistema de clasificación o colocación |
Dewey Decimal Classification |
| Tipo de ítem Koha |
Libro |